00645nam a2200169 a 4500008004100000050001600041100001900057245004500076260004000121300001800161350000900179650001300188650003000201995009500231999001700326952013200343120416s1963 ||||||||||||||||| || u aHD 6960 Ive aIvens, Michael14aThe practice of industrial communication aLondonbBusiness Publicationsc1963 ax ; 332p. ill a0.00 aINDUSTRY aINDUSTRIAL COMMUNICATIONS D0.00FCBU-MAIN LIBRARY (Kitwe)H1I0.00M1UAVAILABLEZMain Library Open Access Collection c54320d54320 00102lcc4070a001b001cMain Library Open Access Collectiond2022-11-30l0oHD 6960 Ivep003646r2022-11-30w2022-11-30y002